000 00629nam a2200181Ia 4500
008 100921s9999 xx 000 0 und d
082 _b21752
_a920.71 थ 87
100 _aगस्ती भीमराव.
245 _aबेरड.(आदीवासी).
260 _bपारख प्रकाशन, बेळगांव.
_c1987
300 _a330
_b---
365 _b85
520 _aचरित्र्ेा-पुरूष.
630 _aबेरड.(आदीवासी).
650 _aचरित्र्ेा-पुरूष.
730 _aबेरड.(आदीवासी).
942 _cBOOK
999 _c770865
_d770862